00514nam a22001577a 450000500170000001000150001702000250003203500130005703700130007008200110008310000250009424500960011926000550021527000650027030000210033520130917105613.0 aENG-108200 c84.00a9788172088132 aEN-91733 bDBAD/PUB a230.35 aKamaraju, Anil Kumar aUniversal and practical teachings of Bhagavan Sri Sathya Sai Baba /cby Anil Kumar Kamaraju aAndhra PradeshbSri Sathya Sai Sadhana Trustc2010 aPrasanthi Nilayam,Anantapur DistrictbAndhra Pradeshe515134 a187p.c22cm(pbk)